[Event "NATO-ch 33rd"]
[Site "Portoroz"]
[Date "2023.09.08"]
[Round "7"]
[White "Onley, David E"]
[Black "Giedraitis, Mingaudas"]
[Result "0-1"]
[WhiteElo "2026"]
[BlackElo "1877"]
[PlyCount "128"]
[EventDate "2023.09.04"]
[EventType "swiss"]
[EventRounds "7"]
[EventCountry "SLO"]
[SourceTitle "EXT 2024"]
[Source "ChessBase"]
[SourceDate "2023.10.10"]
[SourceVersion "1"]
[SourceVersionDate "2023.10.10"]
[SourceQuality "1"]

1. e4 c6 2. d4 d5 3. exd5 cxd5 4. Bd3 Nf6 5. h3 g6 6. Nf3 Bf5 7. 0-0 Bxd3 8. Qxd3 Bg7 9. Re1 0-0 10. c3 e6 11. Nbd2 Nbd7 12. a4 Qc7 13. a5 a6 14. Nb3 Ne4 15. Ng5 Nxg5 16. Bxg5 Rfe8 17. Qf3 Rac8 18. Re2 Qc4 19. Nd2 Qb5 20. Ra3 Qxb2 21. Rb3 Qa1+ 22. Kh2 Qxa5 23. Rxb7 Rc7 24. Rb4 Ra7 25. Nb3 Qc7+ 26. Bf4 Qd8 27. Ra2 Bf8 28. Rba4 Qb6 29. Nc1 a5 30. Nd3 Qb5 31. Ra1 Rea8 32. h4 Nb6 33. R4a2 a4 34. h5 Nc4 35. h6 a3 36. Ne5 Nxe5 37. Bxe5 f5 38. Qh3 Qd7 39. Qh4 Qf7 40. Rb1 Be7 41. Qg3 g5 42. Bg7 Qh5+ 43. Kg1 Qg6 44. Qe5 f4 45. Rb6 Kf7 46. c4 Qe4 47. cxd5 Qxe5 48. dxe5 exd5 49. e6+ Kg6 50. Rb5 d4 51. Rd5 Bf6 52. Kf1 Bxg7 53. hxg7 Rxg7 54. Rxd4 Kf6 55. Rd3 Rga7 56. Ke2 Kxe6 57. Kf3 h5 58. Re2+ Kf7 59. Ra2 Ra5 60. Rd4 Kf6 61. g4 fxg3 62. fxg3 g4+ 63. Ke3 Kg5 64. Rd7 Rf8 0-1

[Event "NATO-ch 33rd"]
[Site "Portoroz"]
[Date "2023.09.06"]
[Round "4"]
[White "Giedraitis, Mingaudas"]
[Black "Keough, Robert W"]
[Result "1/2-1/2"]
[WhiteElo "1877"]
[BlackElo "2067"]
[PlyCount "299"]
[EventDate "2023.09.04"]
[EventType "swiss"]
[EventRounds "7"]
[EventCountry "SLO"]
[SourceTitle "EXT 2024"]
[Source "ChessBase"]
[SourceDate "2023.10.10"]
[SourceVersion "1"]
[SourceVersionDate "2023.10.10"]
[SourceQuality "1"]

1. d4 f5 2. Nf3 g6 3. Nc3 Nf6 4. Bf4 d6 5. Qd2 Be6 6. Bh6 Nbd7 7. h3 c5 8. Bxf8 Rxf8 9. a3 b5 10. e3 b4 11. axb4 cxb4 12. Ne2 a5 13. Ng3 Bd5 14. Be2 Kf7 15. Ng5+ Kg7 16. Bf3 Bc4 17. b3 Bg8 18. Bxa8 Qxa8 19. 0-0 h6 20. Nf3 Bd5 21. Ne1 h5 22. f3 h4 23. Ne2 g5 24. Nd3 g4 25. Nxb4 gxf3 26. Nf4 fxg2 27. Rfe1 Kf7 28. Nbxd5 Nxd5 29. Rxa5 Qc8 30. Rxd5 Nf6 31. Rxf5 Qxf5 32. Qd3 Ne4 33. Qc4+ e6 34. Qc7+ Kf6 35. Qd7 Ng5 36. Qxd6 Nf3+ 37. Kf2 Rg8 38. Kxf3 g1Q 39. Rxg1 Rxg1 40. Qd8+ Kf7 41. Qxh4 Qxc2 42. Qh5+ Ke7 43. Qc5+ Qxc5 44. dxc5 Rb1 45. Ke4 Rxb3 46. h4 Kf6 47. h5 Rb4+ 48. Kd3 Rb1 49. Kc4 e5 50. Nd5+ Ke6 51. Nc7+ Kd7 52. Na6 Rh1 53. Kd5 Rxh5 54. c6+ Kc8 55. e4 Rg5 56. Nc5 Rg1 57. Ne6 Rc1 58. c7 Kd7 59. Kxe5 Rc6 60. Kf5 Rc1 61. Ke5 Rc2 62. Kd5 Rd2+ 63. Ke5 Rh2 64. Kf5 Rh5+ 65. Kf6 Rh6+ 66. Kf5 Rh1 67. Ke5 Rh8 68. Kf5 Ra8 69. Ke5 Ra5+ 70. Kf6 Ra6 71. Kf5 Ra5+ 72. Kf6 Ra1 73. Kf5 Rc1 74. Ke5 Rd1 75. Kf6 Rd6 76. Kf7 Rc6 77. e5 Rc1 78. Nd4 Rf1+ 79. Kg7 Kxc7 80. Kg6 Kd7 81. Kg5 Ke7 82. Kg4 Kf7 83. Nf3 Ke6 84. Kf4 Rf2 85. Ke3 Ra2 86. Ke4 Re2+ 87. Kd3 Rg2 88. Ke4 Rg4+ 89. Ke3 Kd5 90. Kd3 Ra4 91. Ke3 Rb4 92. Kd3 Rb3+ 93. Ke2 Ra3 94. Kf2 Ke4 95. Nd2+ Kf5 96. Nc4 Rc3 97. Ne3+ Kxe5 98. Ke2 Ke4 99. Nd1 Rc2+ 100. Ke1 Kf3 101. Kf1 Rh2 102. Ke1 Re2+ 103. Kf1 Re8 104. Nb2 Rd8 105. Ke1 Rd7 106. Nc4 Rd4 107. Nd2+ Ke3 108. Nf1+ Kd3 109. Kf2 Rd8 110. Nh2 Rf8+ 111. Kg3 Ke4 112. Kg2 Rg8+ 113. Kf2 Ra8 114. Kg3 Ra3+ 115. Kf2 Kf4 116. Nf1 Ra2+ 117. Ke1 Ke4 118. Nd2+ Kd3 119. Nf1 Re2+ 120. Kd1 Re7 121. Ng3 Ra7 122. Ke1 Ra2 123. Nf1 Rg2 124. Kd1 Re2 125. Ng3 Ra2 126. Ke1 Ra8 127. Kf2 Rg8 128. Nf1 Rh8 129. Ng3 Rh2+ 130. Kf3 Rh3 131. Kg2 Rh8 132. Kf2 Kd2 133. Kf3 Rf8+ 134. Ke4 Rg8 135. Nf5 Rg4+ 136. Ke5 Kd3 137. Nd6 Ra4 138. Nf5 Re4+ 139. Kd5 Re8 140. Nd6 Rh8 141. Nf5 Rh7 142. Ke5 Ra7 143. Kf4 Ra5 144. Nd6 Ra6 145. Ke5 Ra1 146. Nf5 Re1+ 147. Kf4 Re4+ 148. Kg5 Ra4 149. Kf6 Ke4 150. Nd6+ 1/2-1/2

[Event "NATO-ch 31st"]
[Site "Blankenberge"]
[Date "2021.10.15"]
[Round "7.34"]
[White "Middaugh, Jon S"]
[Black "Giedraitis, Mingaudas"]
[Result "1/2-1/2"]
[WhiteElo "1899"]
[BlackElo "1826"]
[PlyCount "48"]
[EventDate "2021.10.11"]
[EventType "team-swiss"]
[EventRounds "7"]
[EventCountry "BEL"]
[SourceTitle "CBM 204 Extra"]
[Source "ChessBase"]
[SourceDate "2021.11.30"]
[SourceVersion "1"]
[SourceVersionDate "2021.11.30"]
[SourceQuality "1"]
[WhiteTeam "NATO II"]
[BlackTeam "Lithuania"]
[BlackTeamCountry "LTU"]

1. d4 d5 2. c4 c6 3. Nc3 Nf6 4. Bg5 Nbd7 5. cxd5 cxd5 6. Nf3 h6 7. Bh4 e6 8. e3 Qb6 9. Qc2 a6 10. Bd3 Be7 11. 0-0 Qd8 12. a4 b6 13. Rac1 0-0 14. Bg3 Nh5 15. Ne2 Nxg3 16. Nxg3 a5 17. Qe2 Nb8 18. Ne5 Ba6 19. Bb5 Bd6 20. Nc6 Nxc6 21. Rxc6 Bb7 22. Rc2 Rc8 23. Rfc1 Rxc2 24. Rxc2 Bc7 1/2-1/2

[Event "NATO-ch 31st"]
[Site "Blankenberge"]
[Date "2021.10.13"]
[Round "4.31"]
[White "Farrell, John F"]
[Black "Giedraitis, Mingaudas"]
[Result "1/2-1/2"]
[WhiteElo "1934"]
[BlackElo "1826"]
[PlyCount "67"]
[EventDate "2021.10.11"]
[EventType "team-swiss"]
[EventRounds "7"]
[EventCountry "BEL"]
[SourceTitle "CBM 204 Extra"]
[Source "ChessBase"]
[SourceDate "2021.11.30"]
[SourceVersion "1"]
[SourceVersionDate "2021.11.30"]
[SourceQuality "1"]
[WhiteTeam "NATO LTM"]
[BlackTeam "Lithuania"]
[BlackTeamCountry "LTU"]

1. c4 c6 2. e4 d5 3. exd5 cxd5 4. d4 Nf6 5. Nc3 Nc6 6. Nf3 e6 7. Bg5 Be7 8. Bd3 dxc4 9. Bxc4 0-0 10. 0-0 a6 11. a3 b5 12. Ba2 Bb7 13. Rc1 Nd5 14. Bxe7 Ncxe7 15. Bb1 Nf6 16. Ne5 Rc8 17. Qd3 g6 18. Rfd1 Nh5 19. Qd2 Kg7 20. Ng4 Ng8 21. Qe3 Qh4 22. Ne5 Qf4 23. Qxf4 Nxf4 24. g3 Rxc3 25. bxc3 Ne2+ 26. Kf1 Nxc1 27. Rxc1 Nf6 28. c4 bxc4 29. Rxc4 Ne4 30. Bxe4 Bxe4 31. Rc7 Kg8 32. Nd7 Bd3+ 33. Ke1 Rd8 34. Ne5 1/2-1/2

[Event "NATO-ch 24th"]
[Site "Rynia"]
[Date "2013.08.14"]
[Round "5"]
[White "Giedraitis, Mingaudas"]
[Black "Ozturk, Alaattin"]
[Result "0-1"]
[WhiteElo "1817"]
[BlackElo "1763"]
[PlyCount "86"]
[EventDate "2013.08.12"]
[EventType "swiss"]
[EventRounds "7"]
[EventCountry "POL"]
[SourceTitle "CBM 156 Extra"]
[Source "ChessBase"]
[SourceDate "2013.10.22"]
[SourceVersion "1"]
[SourceVersionDate "2013.10.22"]
[SourceQuality "1"]

1. e4 c5 2. Nf3 d6 3. c3 Nf6 4. d3 Nc6 5. Be2 g6 6. 0-0 Bg7 7. Be3 0-0 8. h3 Qc7 9. Qd2 Rd8 10. Bh6 Bh8 11. Qe3 e5 12. Na3 a6 13. Rac1 b5 14. Ng5 Qe7 15. Qg3 Be6 16. Nxe6 Qxe6 17. b3 d5 18. f4 exf4 19. Qxf4 dxe4 20. Rce1 exd3 21. Bxd3 Qd7 22. Be2 Nd5 23. Qg5 Bxc3 24. Rd1 Bd4+ 25. Kh1 Nc3 26. Bg4 Qd5 27. Rf5 Qxf5 28. Bxf5 Nxd1 29. Bc2 Nf2+ 30. Kh2 Re8 31. Qd5 Re6 32. Qd7 Rae8 33. Nb1 Nb4 34. Na3 Bb2 35. Nxb5 axb5 36. Bb1 Re1 37. a3 Bxa3 38. h4 R1e7 39. Qd2 Ng4+ 40. Kh3 Nxh6 41. Qxh6 Re1 42. Bxg6 hxg6 43. Kh2 Bc1 0-1

[Event "NATO-ch 24th"]
[Site "Rynia"]
[Date "2013.08.12"]
[Round "1"]
[White "Giedraitis, Mingaudas"]
[Black "Keough, Robert W"]
[Result "0-1"]
[WhiteElo "1817"]
[BlackElo "2077"]
[PlyCount "96"]
[EventDate "2013.08.12"]
[EventType "swiss"]
[EventRounds "7"]
[EventCountry "POL"]
[SourceTitle "CBM 156 Extra"]
[Source "ChessBase"]
[SourceDate "2013.10.22"]
[SourceVersion "1"]
[SourceVersionDate "2013.10.22"]
[SourceQuality "1"]

1. e4 c5 2. Nf3 a6 3. c3 g6 4. d4 cxd4 5. Nxd4 d5 6. exd5 Qxd5 7. Qf3 Qxf3 8. Nxf3 Nc6 9. Bc4 Bg4 10. Ng5 Ne5 11. Be2 Nf6 12. f4 Nc6 13. Bc4 e6 14. h3 Bf5 15. Be3 b5 16. Be2 Nd5 17. Bd2 f6 18. Nf3 Bc5 19. b4 Bb6 20. Na3 Rc8 21. c4 Ndxb4 22. cxb5 axb5 23. Bxb5 0-0 24. Bxc6 Nd3+ 25. Ke2 Rxc6 26. Nb5 Rd8 27. a4 Rc2 28. g3 Nf2 29. Rhc1 Bd3+ 30. Ke1 Rxc1+ 31. Rxc1 Bxb5 32. axb5 Nd3+ 33. Kd1 Nxc1 34. Kxc1 Rd5 35. Bc3 Kf7 36. Kc2 Rxb5 37. Nd4 Bxd4 38. Bxd4 Rh5 39. h4 Rd5 40. Be3 h5 41. Kc3 Ke7 42. Kc4 Kd6 43. Kc3 e5 44. fxe5+ fxe5 45. Kc4 Ke6 46. Bg5 e4 47. Bf4 Rd1 48. Kc3 Kf5 0-1

[Event "NATO-ch 23nd"]
[Site "Brest"]
[Date "2012.10.05"]
[Round "7"]
[White "Echavarria Hidalgo, Fernando"]
[Black "Giedraitis, Mingaudas"]
[Result "1/2-1/2"]
[WhiteElo "1774"]
[BlackElo "1800"]
[PlyCount "120"]
[EventDate "2012.10.01"]
[EventType "swiss"]
[EventRounds "7"]
[EventCountry "FRA"]
[SourceTitle "CBM 150 Extra"]
[Source "ChessBase"]
[SourceDate "2012.10.19"]
[SourceVersion "1"]
[SourceVersionDate "2012.10.19"]
[SourceQuality "1"]

1. c4 Nf6 2. Nc3 e6 3. d4 Bb4 4. Qc2 c5 5. Nf3 Nc6 6. e3 d5 7. a3 cxd4 8. exd4 Be7 9. c5 a5 10. Bb5 0-0 11. 0-0 Bd7 12. Bd3 b6 13. Na4 bxc5 14. Nxc5 Qc7 15. Nxd7 Qxd7 16. Bg5 h6 17. Bf4 Rfc8 18. Qe2 Qa7 19. Be3 Ng4 20. h3 Nxe3 21. fxe3 Qb6 22. Qf2 Bf6 23. Ne5 Qa7 24. Ng4 Bd8 25. Qg3 Kf8 26. Nxh6 gxh6 27. Qg6 f6 28. Qxh6+ Qg7 29. Qf4 Ke7 30. Qh4 Bc7 31. Rf3 Rh8 32. Qf2 Nd8 33. Rf1 Rh6 34. Qc2 Bd6 35. Bb5 f5 36. Qa4 Kf6 37. Qc2 Nf7 38. Qc6 Rg8 39. R1f2 Ng5 40. Rxf5+ exf5 41. Qxd6+ Ne6 42. Qe5+ Ke7 43. Qxd5 Rd8 44. Qb7+ Kf6 45. Qf3 Rf8 46. d5 Nc5 47. Qxf5+ Ke7 48. d6+ Rxd6 49. Qxc5 Qh6 50. Qc7+ Ke6 51. Bc4+ Ke5 52. Qc5+ Ke4 53. Bd5+ Rxd5 54. Qxf8 Rd1+ 55. Kh2 Qxe3 56. Qe7+ Kd3 57. Qxe3+ Kxe3 58. Rc2 Rd5 59. g3 Kf3 60. Rc3+ Ke4 1/2-1/2